NFL Opening Day Quarterbacks Last 10 Years - Statistics

General Stats
  • This quiz has been taken 1,513 times
  • The average score is 270 of 320
Answer Stats
Team Year Answer % Correct
Buffalo Bills 2018 Josh Allen
98%
Buffalo Bills 2019 Josh Allen
98%
Buffalo Bills 2020 Josh Allen
98%
Buffalo Bills 2021 Josh Allen
98%
Carolina Panthers 2012 Cam Newton
97%
Carolina Panthers 2013 Cam Newton
97%
Carolina Panthers 2014 Cam Newton
97%
Carolina Panthers 2015 Cam Newton
97%
Carolina Panthers 2016 Cam Newton
97%
Carolina Panthers 2017 Cam Newton
97%
Carolina Panthers 2018 Cam Newton
97%
Carolina Panthers 2019 Cam Newton
97%
New England Patriots 2020 Cam Newton
97%
New York Giants 2012 Eli Manning
97%
New York Giants 2013 Eli Manning
97%
New York Giants 2014 Eli Manning
97%
New York Giants 2015 Eli Manning
97%
New York Giants 2016 Eli Manning
97%
New York Giants 2017 Eli Manning
97%
New York Giants 2018 Eli Manning
97%
New York Giants 2019 Eli Manning
97%
Arizona Cardinals 2019 Kyler Murray
97%
Arizona Cardinals 2020 Kyler Murray
97%
Arizona Cardinals 2021 Kyler Murray
97%
Baltimore Ravens 2019 Lamar Jackson
97%
Baltimore Ravens 2020 Lamar Jackson
97%
Baltimore Ravens 2021 Lamar Jackson
97%
Detroit Lions 2012 Matthew Stafford
97%
Detroit Lions 2013 Matthew Stafford
97%
Detroit Lions 2014 Matthew Stafford
97%
Detroit Lions 2015 Matthew Stafford
97%
Detroit Lions 2016 Matthew Stafford
97%
Detroit Lions 2017 Matthew Stafford
97%
Detroit Lions 2018 Matthew Stafford
97%
Detroit Lions 2019 Matthew Stafford
97%
Detroit Lions 2020 Matthew Stafford
97%
Los Angeles Rams 2021 Matthew Stafford
97%
Denver Broncos 2012 Peyton Manning
97%
Denver Broncos 2013 Peyton Manning
97%
Denver Broncos 2014 Peyton Manning
97%
Denver Broncos 2015 Peyton Manning
97%
New England Patriots 2012 Tom Brady
97%
New England Patriots 2013 Tom Brady
97%
New England Patriots 2014 Tom Brady
97%
New England Patriots 2015 Tom Brady
97%
New England Patriots 2016 Tom Brady
97%
New England Patriots 2017 Tom Brady
97%
New England Patriots 2018 Tom Brady
97%
New England Patriots 2019 Tom Brady
97%
Tampa Bay Buccaneers 2020 Tom Brady
97%
Tampa Bay Buccaneers 2021 Tom Brady
97%
Green Bay Packers 2012 Aaron Rodgers
96%
Green Bay Packers 2013 Aaron Rodgers
96%
Green Bay Packers 2014 Aaron Rodgers
96%
Green Bay Packers 2015 Aaron Rodgers
96%
Green Bay Packers 2016 Aaron Rodgers
96%
Green Bay Packers 2017 Aaron Rodgers
96%
Green Bay Packers 2018 Aaron Rodgers
96%
Green Bay Packers 2019 Aaron Rodgers
96%
Green Bay Packers 2020 Aaron Rodgers
96%
Green Bay Packers 2021 Aaron Rodgers
96%
Las Vegas Raiders 2014 Derek Carr
96%
Las Vegas Raiders 2015 Derek Carr
96%
Las Vegas Raiders 2016 Derek Carr
96%
Las Vegas Raiders 2017 Derek Carr
96%
Las Vegas Raiders 2018 Derek Carr
96%
Las Vegas Raiders 2019 Derek Carr
96%
Las Vegas Raiders 2020 Derek Carr
96%
Las Vegas Raiders 2021 Derek Carr
96%
Detroit Lions 2021 Jared Goff
96%
Los Angeles Rams 2016 Jared Goff
96%
Los Angeles Rams 2017 Jared Goff
96%
Los Angeles Rams 2018 Jared Goff
96%
Los Angeles Rams 2019 Jared Goff
96%
Los Angeles Rams 2020 Jared Goff
96%
Baltimore Ravens 2012 Joe Flacco
96%
Baltimore Ravens 2013 Joe Flacco
96%
Baltimore Ravens 2014 Joe Flacco
96%
Baltimore Ravens 2015 Joe Flacco
96%
Baltimore Ravens 2016 Joe Flacco
96%
Baltimore Ravens 2017 Joe Flacco
96%
Baltimore Ravens 2018 Joe Flacco
96%
Denver Broncos 2019 Joe Flacco
96%
Atlanta Falcons 2012 Matt Ryan
96%
Atlanta Falcons 2013 Matt Ryan
96%
Atlanta Falcons 2014 Matt Ryan
96%
Atlanta Falcons 2015 Matt Ryan
96%
Atlanta Falcons 2016 Matt Ryan
96%
Atlanta Falcons 2017 Matt Ryan
96%
Atlanta Falcons 2018 Matt Ryan
96%
Atlanta Falcons 2019 Matt Ryan
96%
Atlanta Falcons 2020 Matt Ryan
96%
Atlanta Falcons 2021 Matt Ryan
96%
Kansas City Chiefs 2018 Patrick Mahomes II
96%
Kansas City Chiefs 2019 Patrick Mahomes II
96%
Kansas City Chiefs 2020 Patrick Mahomes II
96%
Kansas City Chiefs 2021 Patrick Mahomes II
96%
Seattle Seahawks 2012 Russell Wilson
96%
Seattle Seahawks 2013 Russell Wilson
96%
Seattle Seahawks 2014 Russell Wilson
96%
Seattle Seahawks 2015 Russell Wilson
96%
Seattle Seahawks 2016 Russell Wilson
96%
Seattle Seahawks 2017 Russell Wilson
96%
Seattle Seahawks 2018 Russell Wilson
96%
Seattle Seahawks 2019 Russell Wilson
96%
Seattle Seahawks 2020 Russell Wilson
96%
Seattle Seahawks 2021 Russell Wilson
96%
New York Jets 2021 Zach Wilson
96%
Dallas Cowboys 2016 Dak Prescott
95%
Dallas Cowboys 2017 Dak Prescott
95%
Dallas Cowboys 2018 Dak Prescott
95%
Dallas Cowboys 2019 Dak Prescott
95%
Dallas Cowboys 2020 Dak Prescott
95%
Dallas Cowboys 2021 Dak Prescott
95%
New Orleans Saints 2012 Drew Brees
95%
New Orleans Saints 2013 Drew Brees
95%
New Orleans Saints 2014 Drew Brees
95%
New Orleans Saints 2015 Drew Brees
95%
New Orleans Saints 2016 Drew Brees
95%
New Orleans Saints 2017 Drew Brees
95%
New Orleans Saints 2018 Drew Brees
95%
New Orleans Saints 2019 Drew Brees
95%
New Orleans Saints 2020 Drew Brees
95%
Kansas City Chiefs 2013 Alex Smith
94%
Kansas City Chiefs 2014 Alex Smith
94%
Kansas City Chiefs 2015 Alex Smith
94%
Kansas City Chiefs 2016 Alex Smith
94%
Kansas City Chiefs 2017 Alex Smith
94%
San Francisco 49ers 2012 Alex Smith
94%
Washington Football Team 2018 Alex Smith
94%
Pittsburgh Steelers 2012 Ben Roethlisberger
94%
Pittsburgh Steelers 2013 Ben Roethlisberger
94%
Pittsburgh Steelers 2014 Ben Roethlisberger
94%
Pittsburgh Steelers 2015 Ben Roethlisberger
94%
Pittsburgh Steelers 2016 Ben Roethlisberger
94%
Pittsburgh Steelers 2017 Ben Roethlisberger
94%
Pittsburgh Steelers 2018 Ben Roethlisberger
94%
Pittsburgh Steelers 2019 Ben Roethlisberger
94%
Pittsburgh Steelers 2020 Ben Roethlisberger
94%
Pittsburgh Steelers 2021 Ben Roethlisberger
94%
Cincinnati Bengals 2020 Joe Burrow
94%
Cincinnati Bengals 2021 Joe Burrow
94%
Minnesota Vikings 2018 Kirk Cousins
94%
Minnesota Vikings 2019 Kirk Cousins
94%
Minnesota Vikings 2020 Kirk Cousins
94%
Minnesota Vikings 2021 Kirk Cousins
94%
Washington Football Team 2015 Kirk Cousins
94%
Washington Football Team 2016 Kirk Cousins
94%
Washington Football Team 2017 Kirk Cousins
94%
Indianapolis Colts 2020 Philip Rivers
94%
Los Angeles Chargers 2012 Philip Rivers
94%
Los Angeles Chargers 2013 Philip Rivers
94%
Los Angeles Chargers 2014 Philip Rivers
94%
Los Angeles Chargers 2015 Philip Rivers
94%
Los Angeles Chargers 2016 Philip Rivers
94%
Los Angeles Chargers 2017 Philip Rivers
94%
Los Angeles Chargers 2018 Philip Rivers
94%
Los Angeles Chargers 2019 Philip Rivers
94%
New York Giants 2020 Daniel Jones
93%
New York Giants 2021 Daniel Jones
93%
New York Jets 2013 Geno Smith
93%
New York Jets 2014 Geno Smith
93%
New England Patriots 2021 Mac Jones
93%
Chicago Bears 2021 Andy Dalton
92%
Cincinnati Bengals 2012 Andy Dalton
92%
Cincinnati Bengals 2013 Andy Dalton
92%
Cincinnati Bengals 2014 Andy Dalton
92%
Cincinnati Bengals 2015 Andy Dalton
92%
Cincinnati Bengals 2016 Andy Dalton
92%
Cincinnati Bengals 2017 Andy Dalton
92%
Cincinnati Bengals 2018 Andy Dalton
92%
Cincinnati Bengals 2019 Andy Dalton
92%
Cleveland Browns 2019 Baker Mayfield
92%
Cleveland Browns 2020 Baker Mayfield
92%
Cleveland Browns 2021 Baker Mayfield
92%
Indianapolis Colts 2021 Carson Wentz
92%
Philadelphia Eagles 2016 Carson Wentz
92%
Philadelphia Eagles 2017 Carson Wentz
92%
Philadelphia Eagles 2018 Carson Wentz
92%
Philadelphia Eagles 2019 Carson Wentz
92%
Philadelphia Eagles 2020 Carson Wentz
92%
Houston Texans 2017 Deshaun Watson
92%
Houston Texans 2018 Deshaun Watson
92%
Houston Texans 2019 Deshaun Watson
92%
Houston Texans 2020 Deshaun Watson
92%
New Orleans Saints 2021 Jameis Winston
92%
Tampa Bay Buccaneers 2015 Jameis Winston
92%
Tampa Bay Buccaneers 2016 Jameis Winston
92%
Tampa Bay Buccaneers 2017 Jameis Winston
92%
Tampa Bay Buccaneers 2018 Jameis Winston
92%
Tampa Bay Buccaneers 2019 Jameis Winston
92%
Indianapolis Colts 2012 Andrew Luck
91%
Indianapolis Colts 2013 Andrew Luck
91%
Indianapolis Colts 2014 Andrew Luck
91%
Indianapolis Colts 2015 Andrew Luck
91%
Indianapolis Colts 2016 Andrew Luck
91%
Indianapolis Colts 2018 Andrew Luck
91%
Miami Dolphins 2012 Ryan Tannehill
91%
Miami Dolphins 2013 Ryan Tannehill
91%
Miami Dolphins 2014 Ryan Tannehill
91%
Miami Dolphins 2015 Ryan Tannehill
91%
Miami Dolphins 2016 Ryan Tannehill
91%
Miami Dolphins 2017 Ryan Tannehill
91%
Miami Dolphins 2018 Ryan Tannehill
91%
Tennessee Titans 2020 Ryan Tannehill
91%
Tennessee Titans 2021 Ryan Tannehill
91%
Dallas Cowboys 2012 Tony Romo
91%
Dallas Cowboys 2013 Tony Romo
91%
Dallas Cowboys 2014 Tony Romo
91%
Dallas Cowboys 2015 Tony Romo
91%
Philadelphia Eagles 2021 Jalen Hurts
90%
Jacksonville Jaguars 2021 Trevor Lawrence
90%
San Francisco 49ers 2018 Jimmy Garoppolo
89%
San Francisco 49ers 2019 Jimmy Garoppolo
89%
San Francisco 49ers 2020 Jimmy Garoppolo
89%
San Francisco 49ers 2021 Jimmy Garoppolo
89%
Los Angeles Chargers 2021 Justin Herbert
89%
Arizona Cardinals 2013 Carson Palmer
87%
Arizona Cardinals 2014 Carson Palmer
87%
Arizona Cardinals 2015 Carson Palmer
87%
Arizona Cardinals 2016 Carson Palmer
87%
Arizona Cardinals 2017 Carson Palmer
87%
Las Vegas Raiders 2012 Carson Palmer
87%
Miami Dolphins 2021 Tua Tagovalioa
86%
Buffalo Bills 2012 Ryan Fitzpatrick
85%
Houston Texans 2014 Ryan Fitzpatrick
85%
Miami Dolphins 2019 Ryan Fitzpatrick
85%
Miami Dolphins 2020 Ryan Fitzpatrick
85%
New York Jets 2015 Ryan Fitzpatrick
85%
New York Jets 2016 Ryan Fitzpatrick
85%
Washington Football Team 2021 Ryan Fitzpatrick
85%
Carolina Panthers 2021 Sam Darnold
84%
New York Jets 2018 Sam Darnold
84%
New York Jets 2019 Sam Darnold
84%
New York Jets 2020 Sam Darnold
84%
Buffalo Bills 2015 Tyrod Taylor
83%
Buffalo Bills 2016 Tyrod Taylor
83%
Buffalo Bills 2017 Tyrod Taylor
83%
Cleveland Browns 2018 Tyrod Taylor
83%
Houston Texans 2021 Tyrod Taylor
83%
Los Angeles Chargers 2020 Tyrod Taylor
83%
Jacksonville Jaguars 2015 Blake Bortles
82%
Jacksonville Jaguars 2016 Blake Bortles
82%
Jacksonville Jaguars 2017 Blake Bortles
82%
Jacksonville Jaguars 2018 Blake Bortles
82%
Chicago Bears 2012 Jay Cutler
81%
Chicago Bears 2013 Jay Cutler
81%
Chicago Bears 2014 Jay Cutler
81%
Chicago Bears 2015 Jay Cutler
81%
Chicago Bears 2016 Jay Cutler
81%
Chicago Bears 2018 Mitch Trubisky
81%
Chicago Bears 2019 Mitch Trubisky
81%
Chicago Bears 2020 Mitch Trubisky
81%
Jacksonville Jaguars 2019 Nick Foles
79%
Los Angeles Rams 2015 Nick Foles
79%
Philadelphia Eagles 2014 Nick Foles
79%
San Francisco 49ers 2013 Colin Kaepernick
78%
San Francisco 49ers 2014 Colin Kaepernick
78%
San Francisco 49ers 2015 Colin Kaepernick
78%
Tennessee Titans 2015 Marcus Mariota
76%
Tennessee Titans 2016 Marcus Mariota
76%
Tennessee Titans 2017 Marcus Mariota
76%
Tennessee Titans 2018 Marcus Mariota
76%
Tennessee Titans 2019 Marcus Mariota
76%
Carolina Panthers 2020 Teddy Bridgewater
75%
Denver Broncos 2021 Teddy Bridgewater
75%
Minnesota Vikings 2016 Teddy Bridgewater
75%
Cleveland Browns 2016 Robert Griffin III
71%
Washington Football Team 2012 Robert Griffin III
71%
Washington Football Team 2013 Robert Griffin III
71%
Washington Football Team 2014 Robert Griffin III
71%
Denver Broncos 2020 Drew Lock
68%
Arizona Cardinals 2018 Sam Bradford
66%
Los Angeles Rams 2012 Sam Bradford
66%
Los Angeles Rams 2013 Sam Bradford
66%
Philadelphia Eagles 2015 Sam Bradford
66%
Houston Texans 2012 Matt Schaub
65%
Houston Texans 2013 Matt Schaub
65%
Denver Broncos 2018 Case Keenum
64%
Minnesota Vikings 2017 Case Keenum
64%
Washington Football Team 2019 Case Keenum
64%
New York Jets 2012 Mark Sanchez
63%
Cleveland Browns 2015 Johnny Manziel
62%
Philadelphia Eagles 2012 Michael Vick
62%
Philadelphia Eagles 2013 Michael Vick
62%
Indianapolis Colts 2019 Jacoby Brissett
60%
Jacksonville Jaguars 2020 Gardner Minshew II
59%
Houston Texans 2016 Brock Osweiler
50%
Washington Football Team 2020 Dwayne Haskins
44%
Cleveland Browns 2017 DeShone Kizer
42%
Buffalo Bills 2013 EJ Manuel
42%
Buffalo Bills 2014 EJ Manuel
42%
Jacksonville Jaguars 2012 Blaine Gabbert
41%
Jacksonville Jaguars 2013 Blaine Gabbert
41%
San Francisco 49ers 2016 Blaine Gabbert
41%
Denver Broncos 2016 Trevor Siemian
40%
Denver Broncos 2017 Trevor Siemian
40%
Tampa Bay Buccaneers 2012 Josh Freeman
37%
Tampa Bay Buccaneers 2013 Josh Freeman
37%
New York Jets 2017 Josh McCown
37%
Tampa Bay Buccaneers 2014 Josh McCown
37%
Minnesota Vikings 2012 Christian Ponder
36%
Tennessee Titans 2012 Jake Locker
34%
Tennessee Titans 2013 Jake Locker
34%
Tennessee Titans 2014 Jake Locker
34%
Cleveland Browns 2014 Brian Hoyer
32%
Houston Texans 2015 Brian Hoyer
32%
San Francisco 49ers 2017 Brian Hoyer
32%
Kansas City Chiefs 2012 Matt Cassel
32%
Minnesota Vikings 2013 Matt Cassel
32%
Minnesota Vikings 2014 Matt Cassel
32%
Chicago Bears 2017 Mike Glennon
30%
Cleveland Browns 2012 Brandon Weeden
29%
Cleveland Browns 2013 Brandon Weeden
29%
Jacksonville Jaguars 2014 Chad Henne
26%
Minnesota Vikings 2015 Shaun Hill
20%
Las Vegas Raiders 2013 Terrelle Pryor
15%
Arizona Cardinals 2012 John Skelton
12%
Los Angeles Rams 2014 Austin Davis
10%
Indianapolis Colts 2017 Scott Tolzien
10%
No matching quizzes found
Score Distribution
Percent of People with Each Score
Percentile by Number Answered
Your Score History
You have not taken this quiz